MARC

LEADER 00000nab a2200000 a 4500
001 vtls000895399
003 SK-MaSNL
005 20260305024051.0
008 040720e19961105xo 0b slo
035 |a KE4430 
040 |a KEVKJB  |b slo  |c KEVKJB  |e AACR2 
041 |a slo 
044 |a xo  |c SK 
080 |a 75  |2 1981 
080 |a 061.4  |2 1981 
080 |a 929  |2 1981 
100 1 |a Holinková, Valéria  |4 aut  |9 878353 
245 1 0 |a Majster Doboš jubiluje 
590 |a Doboš, Andrej 1911-1997  |b maliar, grafik 
600 1 7 |a Doboš, Andrej,  |d 1911-1997  |2 KEVKJB  |9 249975 
610 2 7 |a Abovská galéria Júliusa Jakobyho (Košice, Slovensko)  |2 KEVKJB  |9 29582 
610 2 7 |a Galéria Júliusa Jakobyho (Košice, Slovensko)  |2 KEVKJB  |9 29565 
650 0 7 |a výstavy  |2 KEVKJB  |9 2780 
650 0 7 |a výtvarníci  |2 KEVKJB  |9 118705 
651 7 |a Košice (Slovensko)  |2 KEVKJB  |9 18694 
655 7 |a články  |2 KEVKJB  |9 70601 
710 2 |a Abovská galéria Júliusa Jakobyho (Košice, Slovensko)  |4 aut  |9 29582 
773 0 8 |t Korzo  |g Roč. 3, č.258, 5.11.1996, s. 6 
852 |a ZVYKNI  |b KIS3GCP 
999 |c 3300607  |d 3302537